000 00942nam a2200265Ia 4500
003 OSt
005 20221005105045.0
006 a|||||r|||| 00| 0
007 ta
008 221004b |||||||| |||| 00| 0 hin d
020 _cINR 50.00
024 _a37643
037 _b1515, 21/02/2018, Bookwell
_cTextual
040 _aCRL
_cCRL
_bhin
041 _2hin
_ahin
082 _aR, 152M9
100 _aवर्मा, वेद प्रकाश, ले.
245 0 _aदर्शन-विवेचना
246 _aDarshana-vivechanā
260 _aदिल्ली
_bहिंदी माध्यम कार्यान्वय निदेशालय भारत
_c1989
300 _a297पृ0
_ccm.
650 _aदर्शनशास्त्र
942 _hR, 152M9
_cTEXL
_2cc
999 _c1014618
_d1014618